Public policy: A view from the South (Record no. 395939)

MARC details
000 -LEADER
fixed length control field 00480 a2200181 4500
005 - DATE & TIME
control field 20260318090411.0
008 - FIXED-LENGTH DATA ELEMENTS--GENERAL INFORMATION
fixed length control field 260317b |||||||| |||| 00| 0 eng d
020 ## - ISBN
International Standard Book Number 9781108454490
Price Rs. 625.00
040 ## - CATALOGING SOURCE
Original cataloging agency VIVEKANANDA LIBRARY
082 ## - DDC NUMBER
Classification number 320.6
Book Number N164P
100 ## - MAIN ENTRY--PERSONAL NAME
Personal name Narain, Vishal
245 ## - TITLE STATEMENT
Title Public policy: A view from the South
260 ## - PUBLICATION, DISTRIBUTION, ETC. (IMPRINT)
Name of publisher, distributor, etc Cambridge University Press
Date of publication, distribution, etc 2024
Place of publication, distribution, etc New York
300 ## - PHYSICAL DESCRIPTION
Pages x, 213
650 ## - Subject
Subject Public Policy
650 ## - Subject
Subject Political Science
942 ## - ADDED ENTRY ELEMENTS (KOHA)
Koha item type Books
Holdings
Withdrawn status Lost status Source of classification or shelving scheme Damaged status Not for loan Location (home branch) Sublocation or collection (holding branch) Shelving location Date acquired Koha issues (times borrowed) Koha full call number Accession No. Koha date last seen Koha item type
    Dewey Decimal Classification     VIVEKANANDA LIBRARY VIVEKANANDA LIBRARY Vivekananda Library 11/02/2026   320.6 N164P 438280 11/02/2026 Books
© Designed and Maintained by Vivekananda Library, MDU Rohtak